00345nam a2200121Ia 4500008004100000040001600041041001200057082001800069100002100087245005800108260004100166300001600207230917s9999||||xx |||||||||||||| ||und|| e65384aMAIN aEnglish a301.045 P586D aPickering, W S F 0aDurkheim's sociology of religion: themes and theories aLondonbRoutledge & Kegan Paulc1984 axxv, 577 p.